Erstes Pokèmon im Nationaldex A-Z - Statistiken

Allgemein
  • Dieses Quiz wurde 356 mal gespielt
  • Das Durchschnittsergebnis liegt bei 18 aus 26
Antwortstatistiken
Buchstabe Pokémon % Korrekt
B Bisasam
97%
G Glumanda
92%
S Schiggy
90%
R Raupy
84%
P Pikachu
83%
H Hornliu
82%
T Turtok
78%
A Arbok
77%
K Kokuna
77%
N Nidoran
74%
I Ibitak
73%
Q Quapsel
73%
O Omot
65%
V Vulpix
64%
E Enton
62%
F Fukano
61%
J Jurob
60%
D Duflor
59%
Z Zubat
58%
M Myrapla
57%
U Ultrigaria
57%
C Chaneira
56%
X Xatu
54%
L Lahmus
48%
Y Yanma
47%
W Wiesor
31%
Keine übereinstimmenden Quizze gefunden
Verteilung der Resultate
Anzahl Personen mit jedem Resultat
Perzentil nach korrekt beantworteten Fragen
Ihre Resultats-Entwicklung
Sie haben dieses Quiz noch nicht gespielt